Statistiques concernant Effectif Atletico Madrid saison 2023/2024

Cliquez ici pour prendre le quiz!

Statistiques générales

  • Ce quiz a été pris 818 fois
    (99 depuis la dernière actualisation)
  • Le résultat moyen est 15 sur 25

Statistiques - réponses

HintRéponse% Correct
AAntoine Griezmann
99%
GJan Oblak
94%
AÁlvaro Morata
92%
CoachDiego Simeone
91%
MKoke
86%
AMemphis Depay
81%
DJose Maria Gimenez
76%
AAngel Correa
75%
MMarcos Llorente
73%
MSaúl Ñíguez
73%
ASamuel Lino
71%
DStefan Savic
70%
DAxel Witsel
68%
DMario Hermoso
67%
MRodrigo De Paul
63%
MRodrigo Riquelme
59%
DReinildo Mandava
54%
MThomas Lemar
53%
DNahuel Molina
51%
DCésar Azpilicueta
42%
MPablo Barrios
41%
MArthur Vermeeren
16%
GHorațiu Moldovan
15%
DGabriel Paulista
14%
AMarcos Paulo
8%

Distribution des résultats

Percentile par nombre de réponses

% des personnes avec chaque résultat

Votre développement - résultats

Vous n’avez pas pris ce quiz depuis la dernière actualisation